00419 a2200133 450000100060000002000210000604000240002710000310005124000810008224500760016330000060023936200090024565000310025446136 a978-85-7208642-4 cAnchieta - Aquarius aMedeiros, Maria Augusta de10aJacaré com janelinha: quem já viu que me apresente! e outros poemaslpor10aJacaré com janelinha: quem já viu que me apresente! e outros poemas a 0 a2009 4aLiteratura infanto-juvenil